000 00276nam a2200109Ia 4500
008 220204s9999 xx 000 0 und d
082 _a532
_bGAL.3
245 0 _aFinite elements in fluids. V 3
260 _aChicheter
_bJohn Wiley
_c1978
700 _aGallagher, R H
942 _cBK
999 _c32365
_d32365